000 00276nam a2200121Ia 4500
008 140130s9999 xx 000 0 und d
245 _cSturges, Philemon
_aI love trains!
260 _bScholastic,
_c2001
440 _v1
521 _aGrade 1
942 _cBK
999 _c39984
_d39984